| 000 | 01314nam0a22002651 4500 | ||
|---|---|---|---|
| 001 | rc\3033996 | ||
| 005 | 20111003145419.6 | ||
| 035 | _a(NLR Aleph) 007174736 | ||
| 090 |
_a7381824 _c7381824 |
||
| 100 | _a20111003d1935 |||y0rusy50 ca | ||
| 101 | 1 |
_arus _ceng |
|
| 102 | _aRU | ||
| 105 | _aa z ||||| | ||
| 200 | 1 |
_aОбщая теория трения _fТ.Е. Стэнтон, зав. Инж. отд-нием Нац. физ. лаборатории в Лондоне _gПер. с англ. Е.А. Смирновой _gПод ред. проф. Л.П. Смирнова |
|
| 210 |
_aМосква _aЛенинград _cОНТИ. Гл. ред. лит. по машиностроению и металлообработке _d1935 _eЛенинград _gтип. им. Евг. Соколовой |
||
| 215 |
_aОбл., 142 с., 1 вкл. л. граф. _cил., граф. _d23×15 см |
||
| 300 | _aНа доб. тит. л.: "Friction. By T.E. Stanton, superintendent of the Engineering department of the National physical laboratory. With diagrams. Longmans, Green and Co-1923" | ||
| 700 | 1 |
_aСтентон _bТ. Е. |
|
| 702 | 1 |
_aСмирнова _bЕ. А. _4730 |
|
| 702 | 1 |
_aСмирнов _bЛ. П. _4340 |
|
| 801 | 0 |
_aRU _bNLR _gpsbo |
|
| 801 | 1 |
_aRU _bELAR _2rusmarc |
|
| 852 |
_aNLR _j35-4/232 |
||
| 942 | _cBOOK | ||
| 980 | _aNB | ||